=LDR 00000nam 2200000 4500 =001 INLIS000000000050672 =005 20170512021800 =035 ##$$a 0010-0517000325 =007 ta =008 170512###########################0###### =020 ##$$a 978-602-1142-20-2 =082 ##$$a 771.3 =084 ##$$a 771.3 WID k =100 #$$a Widyani, Husna =245 1#$$a Kamera DSLR Itu Gampang, Kok /$c Husna Widyani =250 ##$$a Cet.3 =260 ##$$a Yogyakarta :$b Shira Media,$c 2016 =300 ##$$a vii, 156 hlm : $b Ilus ; $c 24 cm. =650 ##$$a DSLR =990 ##$$a 83468346 =990 ##$$a 83468346 =990 ##$$a 31700315 =990 ##$$a 02201708346 =990 ##$$a 31700316 =990 ##$$a 31700315